书目信息 |
| 题名: |
空谷幽魂
|
|
| 作者: | 克里斯蒂 著 ;黄昱宁 译 | |
| 分册: | ||
| 出版信息: | 北京 人民文学出版社 2006.10 |
|
| 页数: | 341页 | |
| 开本: | 21cm | |
| 丛书名: | 侦探推理系列 | |
| 单 册: | ||
| 中图分类: | I561.45 | |
| 科图分类: | ||
| 主题词: | 侦破小说--zhen po xiao shuo--英国--现代 | |
| 电子资源: | ||
| ISBN: | 7-02-005827-2 | |
| 000 | 00970nam 2200253 450 | |
| 001 | 012007224131 | |
| 005 | 20070619161833.21 | |
| 010 | @a7-02-005827-2@dCNY23.00 | |
| 100 | @a20070506d2006 km y0chiy0120 ea | |
| 101 | 1 | @achi@ceng |
| 102 | @aCN@b110000 | |
| 105 | @ay z 000ay | |
| 200 | 1 | @a空谷幽魂@Akong gu you hun@f[英] 克里斯蒂著@F[ying]ke li si di zhu@g黄昱宁译@Ghuang yu ning yi |
| 210 | @a北京@c人民文学出版社@d2006.10 | |
| 215 | @a341页@d21cm | |
| 225 | 2 | @a侦探推理系列@Azhen tan tui li xi lie |
| 330 | @a在"幽谷庄园"女主人安格卡特尔夫人眼里,即将到来的周末派对既让人激动,又令人害怕。管家和厨娘把一切都料理得井井有条,然而。夫人隐隐感到:她邀请的那些客人,彼此之间,并不是一团和气。 | |
| 410 | 0 | @12001 @a侦探推理系列 |
| 606 | 0 | @a侦破小说@Azhen po xiao shuo@y英国@z现代 |
| 690 | @aI561.45@v4 | |
| 701 | 0 | @a克里斯蒂@Ake li si di@g(Christie, Agatha)@4著 |
| 702 | 0 | @a黄昱宁@Ahuang yu ning@4译 |
| 801 | 0 | @aCN@c20070619 |
| 905 | @dI561.45@eK656 | |
| 空谷幽魂/[英] 克里斯蒂著/黄昱宁译.-北京:人民文学出版社,2006.10 |
| 341页;21cm.-(侦探推理系列) |
| ISBN 7-02-005827-2:CNY23.00 |
| 在"幽谷庄园"女主人安格卡特尔夫人眼里,即将到来的周末派对既让人激动,又令人害怕。管家和厨娘把一切都料理得井井有条,然而。夫人隐隐感到:她邀请的那些客人,彼此之间,并不是一团和气。 |
| ● |
| 相关链接 |
|
|
|
正题名:空谷幽魂
索取号:I561.45/K656
 
预约/预借
| 序号 | 登录号 | 条形码 | 馆藏地/架位号 | 状态 | 备注 |
| 1 | 242790 | 202427908 | 文学库116/116文学库 21排2列3层/ [索取号:I561.45/K656] | 在馆 | |
| 2 | 242791 | 202427917 | 文学库116/116文学库 21排2列3层/ [索取号:I561.45/K656] | 在馆 | |
| 3 | 242792 | 202427926 | 文学库116/ [索取号:I561.45/K656] | 在馆 |